Responses for Show #8478 - Wednesday, September 29, 2021

Matt Amodio game 31.

Contestants

[<< previous game]

Adriana Granados, a student advisor from Fontana, California

Daniel Pecoraro, a nonprofit manager and tour guide from Brooklyn, New York

Matt Amodio, a Ph.D. student from New Haven, Connecticut (whose 30-day cash winnings total $1,107,401)

[next game >>]

Jeopardy! Round responses

I CAN NAME THAT NO. 1 '80s HIT
(Mayim: As recited by our own Johnny Gilbert.)
THE NON-COASTAL U.S.
WEBCAMS
3-LETTER VERBS
MONKEY
BUSINESS
    $200 28
(Mayim: And a special thank you to Johnny; no one can say '80s lyrics [Cut to Johnny] like you can.)

"Don't Worry, Be Happy"

Adriana
    $200 27
Denver

Adriana
    $200 29
the Loch Ness Monster

Daniel
    $200 26
vow

Matt
    $200 30
DRC (Democratic Republic of the Congo)

Matt
    $200 21
a monopoly

Adriana
    $400 22
"Eye Of The Tiger"

Matt
    $400 23
Wyoming

Matt
    $400 25
giraffe

Matt
    $400 17
sap

Daniel
    $400 24
howler

Matt
    $400 20
limited

Daniel
    $600 18
"Jessie's Girl"

Daniel
    $3,800 8
Phoenix

Matt
    $600 16
Notre Dame

Daniel
    $600 14
run

Matt
    $600 15
troop

Matt
    $600 19
a ledger

Daniel
    $800 13
(Daniel: What is "Did you ever know that you're my hero"?)

"We Are The World"

Daniel
Triple Stumper
    $800 2
Mount Rushmore

Matt
    $800 11
Mount Etna

Daniel
    $800 9
fib

Matt
    $800 12
malaria

Matt
    $800 5
(Daniel: What's goodwill?)

intangible

Daniel
Triple Stumper
    $1000 10
"Wind Beneath My Wings"

Daniel
    $1000 1
Lawrence

Daniel
    $1000 6
North Carolina

Matt
    $1000 3
pad

Matt
    $1000 4
a mandrill

Daniel
    $1000 7
pass-through

Matt

Scores at the first commercial break (after clue 15):

Matt Daniel Adriana
$10,400 $2,200 $0

Scores at the end of the Jeopardy! Round:

Matt Daniel Adriana
$12,400 $5,000 $600

Double Jeopardy! Round responses

SEE, IT STARTS WITH "CL"
IN THE TV KITCHEN
EUROPEAN HISTORY
I NOMINATE YOU FOR A NOBEL PRIZE!
SOUTHERN LITERATURE
CITY WORDS
(Mayim: Each response is a U.S. city with more than 100,000 people.)
    $400 30
Clearing

Matt
    $400 27
(Gordon) Ramsay

Matt
    $400 28
(Adriana: Gosh. No. Sorry. Blanking.)

Louis XIV

MattAdriana
    $400 26
(Matt: What's Heisenberg?)

Einstein

MattDaniel
    $400 25
To Kill a Mockingbird

Matt
    $400 29
concord

Matt
    $800 24
clouds

Matt
    $800 19
Bertinelli

Matt
    $800 10
Lisbon

Matt
    $800 22
(Robert) Frost

Daniel
    $800 21
Bees

Matt
    $800 23
mobile

Matt
    $1200 20
Clare

Matt
    $1200 2
Great British Bake Off

Matt
    $1200 5
Punic Wars

Matt
    $5,000 12
(Matt: What's Roosevelt?)
(Mayim: More information, please.)

Eleanor Roosevelt

Matt
    $1200 17
(Mayim: The [*] Boys, yes.)

Nickel

Matt
    $1200 18
mesa

Daniel
    $1600 9
Clio

Matt
    $1600 1
Stanley Tucci

Adriana
    $1600 3
(Václav) Havel

Matt
    $1600 11
(Ivan) Pavlov

Matt
    $6,000 4
[NOTE: Matt did not include the leading article in his response.]

The Color Purple

Matt
    $1600 8
aurora

Daniel
    $2000 15
clafoutis

Daniel
    $2000 16
Barefoot Contessa

Matt
    $2000 6
a diet

Daniel
    $2000 14
Marconi

Daniel
    $2000 13
Midnight in the Garden of Good and Evil

Matt
    $2000 7
a charlotte

Triple Stumper

Scores at the end of the Double Jeopardy! Round:

Matt Daniel Adriana
$42,600 $15,000 $1,800
(lock game)

[wagering suggestions for these scores]

Final Jeopardy! Round responses

MYTHOLOGY
(Mayim: [To Matt] The winged horse who sprang from the blood of Medusa, kicked a hole in a rock and "hippo" is of or related to horses.)
AdrianaWhat is
$800
DanielWhat is a centaur?
$9,622
MattWhat is Pegasus?
$8,000
Pegasus

Final scores:

Matt Daniel Adriana
$50,600 $5,378 $1,000
31-day champion: $1,158,001 2nd place: $2,000 3rd place: $1,000

Game dynamics:

Coryat scores:

Matt Daniel Adriana
$31,200 $15,000 $1,800
36 R
(including 3 DDs),
1 W
17 R,
2 W
4 R,
1 W

Combined Coryat: $48,000

[game clues] [game scores] [suggest correction]

Game tape date: 2021-08-25
The J! Archive is created by fans, for fans. Scraping, republication, monetization, and malicious use prohibited; this site may use cookies and collect identifying information. See terms. The Jeopardy! game show and all elements thereof, including but not limited to copyright and trademark thereto, are the property of Jeopardy Productions, Inc. and are protected under law. This website is not affiliated with, sponsored by, or operated by Jeopardy Productions, Inc. Join the discussion at JBoard.tv.